[Event "Koge Bugt Efteraar 2010"]
[Site "Solrod Skole"]
[Date "2010.08.18"]
[Round "1.1"]
[White "Hestehauge, Klaus"]
[Black "Nielsen, Kai Gylling"]
[Result "1-0"]
[WhiteElo "1983"]
[BlackElo "1891"]
[PlyCount "47"]
[EventDate "2010.??.??"]
[WhiteTeam "Køge Skakklub"]
[BlackTeam "Roskilde Skakklub"]

1. d4 Nf6 2. Nf3 g6 3. Bf4 Bg7 4. Nc3 d6 5. e4 Nbd7 6. Qd2 O-O 7. Be2 c6 8. h4
Ng4 9. Ng5 Ngf6 10. O-O-O b5 11. h5 h6 12. Nxf7 Kxf7 13. hxg6+ Ke8 14. Bxh6 Rg8
15. e5 Nd5 16. Nxd5 cxd5 17. Bxg7 Nf8 18. Bxf8 Rxf8 19. g7 Rg8 20. Rh8 Be6 21.
Bxb5+ Kf7 22. Qf4+ Kxg7 23. Qh6+ Kf7 24. Rh7+ 1-0

[Event "Koge Bugt Efteraar 2010"]
[Site "Solrod Skole"]
[Date "2010.08.18"]
[Round "1.2"]
[White "Hansen, Erik Levin"]
[Black "Krogh, Peter Ove"]
[Result "0-1"]
[WhiteElo "1822"]
[BlackElo "1922"]
[PlyCount "42"]
[EventDate "2010.??.??"]
[WhiteTeam "Haslev Skakklub"]
[BlackTeam "Køge Skakklub"]

1. e4 c5 2. Nf3 a6 3. d4 cxd4 4. Nxd4 Nf6 5. Nc3 e5 6. Nb3 Bb4 7. Bg5 Qc7 8.
Bd2 Bxc3 9. Bxc3 Nxe4 10. Qf3 Nxc3 11. bxc3 O-O 12. Bd3 d6 13. g4 Nc6 14. h4
Be6 15. g5 f5 16. Qg3 Ne7 17. Be2 Rac8 18. Kd2 f4 19. Qd3 Bf5 20. Qf3 d5 21.
Rh2 e4 0-1

[Event "Koge Bugt Efteraar 2010"]
[Site "Solrod Skole"]
[Date "2010.08.18"]
[Round "1.3"]
[White "Christensen, Verner"]
[Black "Kristensen, Benny"]
[Result "1-0"]
[WhiteElo "1968"]
[BlackElo "1618"]
[PlyCount "95"]
[EventDate "2010.??.??"]
[WhiteTeam "Solrød Skakklub"]
[BlackTeam "Skovbo Skakklub"]

1. e4 c5 2. d4 cxd4 3. c3 Nf6 4. e5 Nd5 5. Bc4 Nb6 6. Bb3 Nc6 7. Nf3 d5 8. O-O
Bg4 9. Bf4 e6 10. Qd3 dxc3 11. Nxc3 Bxf3 12. Qxf3 Nd4 13. Qd3 Nxb3 14. Qb5+ Qd7
15. Qxb3 Be7 16. Nb5 Nc4 17. Nd4 g5 18. Bg3 Nd2 19. Qd3 Nxf1 20. Rxf1 O-O-O 21.
Qc3+ Kb8 22. Qa5 Qc7 23. Qa4 Qc4 24. Qd1 h5 25. h3 Qxa2 26. Qd2 Rc8 27. Nb5 Qc4
28. Qa5 Qc5 29. Qa4 a6 30. Nd6 Bxd6 31. exd6 Ka8 32. Be5 Rhg8 33. d7 Rc6 34. b4
Qe7 35. b5 Rc4 36. Qa5 Qxd7 37. bxa6 bxa6 38. Ra1 Qb7 39. Kh2 Rgc8 40. Rb1 Qc6
41. Rb6 Qxb6 42. Qxb6 R4c6 43. Qe3 g4 44. h4 Rc4 45. Qg5 d4 46. Qe7 d3 47. Qd6
R4c5 48. Qxa6# 1-0

[Event "Koge Bugt Efteraar 2010"]
[Site "Solrod Skole"]
[Date "2010.08.18"]
[Round "1.4"]
[White "Larsen, Jan Robert"]
[Black "Forsmann, Henning"]
[Result "1-0"]
[WhiteElo "1787"]
[BlackElo "1764"]
[PlyCount "73"]
[EventDate "2010.??.??"]
[WhiteTeam "Vordingborg Skakklub"]
[BlackTeam "Solrød Skakklub"]

1. e4 b6 2. d4 Bb7 3. Bd3 e6 4. Nf3 d5 5. e5 c5 6. c3 c4 7. Bc2 Ne7 8. O-O Ng6
9. h4 Nxh4 10. Ng5 Ng6 11. Qh5 Be7 12. Nxe6 fxe6 13. Bxg6+ Kd7 14. Bc2 Nc6 15.
b3 b5 16. bxc4 dxc4 17. Rd1 Na5 18. Ba3 Qf8 19. Bxe7 Qxe7 20. Qh3 Bd5 21. Nd2
Raf8 22. Be4 Kc6 23. a4 b4 24. cxb4 Bxe4 25. Nxe4 Nb3 26. b5+ Kb6 27. Ra2 Rf4
28. Qe3 Rhf8 29. d5+ Kb7 30. d6 Qd7 31. Nf6 gxf6 32. Qxf4 f5 33. Qxc4 Na5 34.
Qb4 Qd8 35. Rc2 Kb8 36. Rdc1 Nb7 37. d7 1-0

[Event "Koge Bugt Efteraar 2010"]
[Site "Solrod Skole"]
[Date "2010.08.18"]
[Round "1.5"]
[White "Sørensen, Aron Frank"]
[Black "Orup, Kim Amdi"]
[Result "1/2-1/2"]
[WhiteElo "1611"]
[BlackElo "1553"]
[PlyCount "61"]
[EventDate "2010.??.??"]
[WhiteTeam "Solrød Skakklub"]
[BlackTeam "Køge Skakklub"]

1. d4 f5 2. c4 Nf6 3. Nc3 e6 4. g3 Nc6 5. Bg2 Ne7 6. Bg5 Ng6 7. e4 Be7 8. exf5
exf5 9. Nf3 d6 10. O-O O-O 11. Re1 Ne8 12. Qd2 Bxg5 13. Nxg5 Nf6 14. Ne6 Bxe6
15. Rxe6 c6 16. d5 c5 17. Rae1 a6 18. Ne2 Ng4 19. Nf4 N6e5 20. b3 Qd7 21. h3
Nf6 22. R6xe5 dxe5 23. Rxe5 Rae8 24. Ne6 Qd6 25. Qg5 Rf7 26. Rxf5 Rxe6 27. dxe6
Qxe6 28. Rxc5 Qe1+ 29. Kh2 Qxf2 30. Rc8+ Rf8 31. Rc7 1/2-1/2

[Event "Koge Bugt Efteraar 2010"]
[Site "Solrod Skole"]
[Date "2010.08.18"]
[Round "1.6"]
[White "Larsen, Poul M"]
[Black "Johannsen, Bjørn"]
[Result "1/2-1/2"]
[WhiteElo "1542"]
[BlackElo "1609"]
[PlyCount "58"]
[EventDate "2010.??.??"]
[WhiteTeam "Haslev Skakklub"]
[BlackTeam "Haslev Skakklub"]

1. d4 d5 2. c4 c6 3. cxd5 cxd5 4. Nc3 Nf6 5. Qc2 Nc6 6. e3 a6 7. a3 e6 8. Bd3
Bd6 9. Nge2 Bd7 10. f3 e5 11. O-O Qc7 12. dxe5 Nxe5 13. f4 Nxd3 14. Qxd3 Bc6
15. Nd4 g6 16. b4 Ne4 17. Nxc6 bxc6 18. Qd4 O-O-O 19. Nxe4 dxe4 20. Qxe4 Rhe8
21. Qc4 Kb7 22. e4 Qb6+ 23. Kh1 Re6 24. e5 Bb8 25. Qc3 Ba7 26. a4 Rd5 27. Ba3
Re8 28. b5 axb5 29. axb5 Rxb5 1/2-1/2

[Event "Koge Bugt Efteraar 2010"]
[Site "Solrod Skole"]
[Date "2010.08.18"]
[Round "1.8"]
[White "Jørgensen, Leif"]
[Black "Refsgaard, Kaj"]
[Result "0-1"]
[WhiteElo "1704"]
[BlackElo "1753"]
[PlyCount "54"]
[EventDate "2010.??.??"]
[WhiteTeam "Solrød Skakklub"]
[BlackTeam "Jernbanens Skakklub"]

1. d4 d5 2. c4 c6 3. Nc3 Nf6 4. cxd5 cxd5 5. Nf3 Bf5 6. e3 e6 7. Bb5+ Nbd7 8.
Ne5 Bd6 9. Nxd7 Nxd7 10. Qf3 O-O 11. Bd2 Nf6 12. h3 Qb6 13. b3 Rac8 14. Ba4 Bb4
15. Rc1 Bxc3 16. Rxc3 Rxc3 17. Bxc3 Ne4 18. Bd2 Nxd2 19. Kxd2 Qa5+ 20. Ke2 b5
21. Rc1 bxa4 22. Rc5 Qb4 23. g4 Be4 24. Qf4 axb3 25. axb3 Qxb3 26. Qc7 Qd3+ 27.
Ke1 Bf3 0-1

[Event "Koge Bugt Efteraar 2010"]
[Site "Solrod Skole"]
[Date "2010.08.18"]
[Round "1.9"]
[White "Nielsen, Steen"]
[Black "Jensen, Tom B"]
[Result "1-0"]
[WhiteElo "1447"]
[BlackElo "1300"]
[PlyCount "141"]
[EventDate "2010.??.??"]
[WhiteTeam "Solrød Skakklub"]
[BlackTeam "Tåstrup Skakforening"]

1. d4 Nf6 2. c4 d5 3. cxd5 Nxd5 4. e4 Nb6 5. Be3 c6 6. Nc3 e6 7. Nf3 Bb4 8. Be2
N8d7 9. Qc2 Nf6 10. O-O O-O 11. a3 Be7 12. b4 Qc7 13. h3 Nbd7 14. Rfd1 e5 15.
Rac1 Qb8 16. b5 Bxa3 17. Rb1 exd4 18. Nxd4 c5 19. Nb3 b6 20. Nd2 Bb4 21. Nd5
Bxd2 22. Rxd2 Bb7 23. Bf4 Qd8 24. Bc7 Qe8 25. Bd6 Qxe4 26. Nxf6+ Nxf6 27. Qxe4
Nxe4 28. Bxf8 Nxd2 29. Rd1 Kxf8 30. Rxd2 Ke7 31. Bg4 Rd8 32. Re2+ Kf6 33. Ra2
Ra8 34. Rd2 Kg6 35. h4 Be4 36. Rd6+ f6 37. Be6 h5 38. g3 Bf3 39. Kf1 Re8 40.
Bc4 Re7 41. Bd3+ Be4 42. Be2 Rc7 43. f3 Bc2 44. Bc4 Kh7 45. Rd8 f5 46. Rd2 Ba4
47. Rd8 g6 48. Kf2 Kg7 49. Rg8+ Kf6 50. Ke3 Rd7 51. Rf8+ Ke5 52. Re8+ Kd6 53.
Re6+ Kc7 54. Rxg6 Rh7 55. Rc6+ Kd8 56. Rf6 Rg7 57. Kf4 Bc2 58. Rh6 Ke7 59. Rxh5
Kd6 60. Rh6+ Kc7 61. h5 Rd7 62. Be6 Rd4+ 63. Ke5 Rb4 64. Rh7+ Kb8 65. Rh8+ Kc7
66. Rh7+ Kb8 67. Kd6 Rd4+ 68. Kc6 Rd8 69. Rg7 Bd3 70. h6 c4 71. h7 1-0

[Event "Koge Bugt Efteraar 2010"]
[Site "Solrod Skole"]
[Date "2010.08.18"]
[Round "1.10"]
[White "Thomsen, Heinrich Kirch"]
[Black "Krag-Jacobsen, Alan"]
[Result "1/2-1/2"]
[WhiteElo "1259"]
[BlackElo "1446"]
[PlyCount "43"]
[EventDate "2010.??.??"]
[WhiteTeam "Solrød Skakklub"]
[BlackTeam "Solrød Skakklub"]

1. e4 e5 2. Nf3 Nf6 3. Nxe5 d6 4. Nf3 Nxe4 5. d4 d5 6. Bd3 Be7 7. O-O Nc6 8.
Re1 Bf5 9. c4 Nb4 10. Qa4+ c6 11. Qb3 Nxd3 12. Qxd3 Bg6 13. Qe2 O-O 14. Nc3 Re8
15. a3 Bf6 16. Be3 Rc8 17. Rac1 Rc7 18. cxd5 cxd5 19. Nxd5 Rxc1 20. Nxf6+ Nxf6
21. Rxc1 Bh5 22. h3 1/2-1/2

[Event "Koge Bugt Efteraar 2010"]
[Site "Solrod Skole"]
[Date "2010.08.25"]
[Round "2.1"]
[White "Krogh, Peter Ove"]
[Black "Hestehauge, Klaus"]
[Result "1/2-1/2"]
[WhiteElo "1922"]
[BlackElo "1983"]
[PlyCount "132"]
[EventDate "2010.??.??"]
[WhiteTeam "Køge Skakklub"]
[BlackTeam "Køge Skakklub"]

1. c4 Nf6 2. Nc3 d5 3. cxd5 Nxd5 4. g3 Nxc3 5. bxc3 g6 6. Bg2 Bg7 7. h4 O-O 8.
Rb1 c6 9. Nf3 Nd7 10. O-O Ne5 11. Nxe5 Bxe5 12. d4 Bg7 13. Bf4 Qa5 14. Qc2 e5
15. Bd2 Qc7 16. e3 Be6 17. Rb2 b6 18. dxe5 Bxe5 19. f4 Bg7 20. e4 f5 21. e5
Rad8 22. Bf3 Rd7 23. Be3 Rfd8 24. c4 c5 25. Kf2 Kf7 26. Rbb1 Bf8 27. Rfd1 Rxd1
28. Rxd1 Rxd1 29. Bxd1 Qd7 30. Be2 Be7 31. h5 Qc6 32. hxg6+ hxg6 33. Bf3 Qd7
34. a4 a5 35. Qb3 Bd8 36. Bd5 Bc7 37. Ke2 Kg7 38. Qd1 Kf7 39. Bc1 Bd8 40. Bb2
Bc7 41. Qh1 Kg7 42. Qd1 Kf7 43. Bc3 Qe8 44. Qb3 Qd7 45. Qb5 Qxb5 46. axb5 Bd8
47. Bd2 Ke7 48. Kd3 Kd7 49. Kc3 Bc7 50. Bf3 Bd8 51. Be2 Bc7 52. Bd3 Bd8 53. Kb3
Bc7 54. g4 Bd8 55. Be1 Be7 56. Kc3 Bd8 57. gxf5 gxf5 58. Be2 Ke8 59. Bf3 Be7
60. Bd5 Kd7 61. Kb3 Bd8 62. Bc6+ Kc7 63. Kc3 Be7 64. Kd3 Bd8 65. Bd5 Kd7 66.
Bf2 Be7 1/2-1/2

[Event "Koge Bugt Efteraar 2010"]
[Site "Solrod Skole"]
[Date "2010.08.25"]
[Round "2.2"]
[White "Sørensen, Aron Frank"]
[Black "Christensen, Verner"]
[Result "0-1"]
[WhiteElo "1611"]
[BlackElo "1968"]
[PlyCount "80"]
[EventDate "2010.??.??"]
[WhiteTeam "Solrød Skakklub"]
[BlackTeam "Solrød Skakklub"]

1. Nf3 f5 2. c4 e6 3. d4 d5 4. g3 c6 5. Bg2 Nf6 6. O-O Bd6 7. Qc2 O-O 8. Bg5
Qe8 9. Nc3 Ne4 10. Bf4 Bxf4 11. gxf4 Nd7 12. c5 Ndf6 13. Ne5 Nh5 14. e3 Rf6 15.
Ne2 Rh6 16. f3 Nef6 17. Kf2 Bd7 18. Rh1 Qe7 19. Rag1 Be8 20. Bf1 Nd7 21. Rg5
Nxe5 22. dxe5 Bg6 23. Nd4 Rd8 24. b4 a6 25. Bxa6 Ra8 26. Be2 Rc8 27. a4 Kh8 28.
Kg2 Be8 29. Rg1 g6 30. Rc1 Ng7 31. Qc3 Rh5 32. Rxh5 Nxh5 33. Qe1 g5 34. Kh1
gxf4 35. exf4 Nxf4 36. Qg3 Nh5 37. Qf2 Bf7 38. f4 Rg8 39. Rg1 Ng7 40. Rg5 Qc7
0-1

[Event "Koge Bugt Efteraar 2010"]
[Site "Solrod Skole"]
[Date "2010.08.25"]
[Round "2.3"]
[White "Nielsen, Kai Gylling"]
[Black "Larsen, Jan Robert"]
[Result "1/2-1/2"]
[WhiteElo "1891"]
[BlackElo "1787"]
[PlyCount "30"]
[EventDate "2010.??.??"]
[WhiteTeam "Roskilde Skakklub"]
[BlackTeam "Vordingborg Skakklub"]

1. e4 e5 2. Nf3 Nc6 3. d4 exd4 4. Nxd4 Nf6 5. Nc3 Bb4 6. Nxc6 bxc6 7. Bd2 Qe7
8. f3 O-O 9. a3 Bxc3 10. Bxc3 Nxe4 11. fxe4 Qh4+ 12. Kd2 Qf4+ 13. Ke1 Qh4+ 14.
Kd2 Qf4+ 15. Ke1 Qh4+ 1/2-1/2

[Event "Koge Bugt Efteraar 2010"]
[Site "Solrod Skole"]
[Date "2010.08.25"]
[Round "2.4"]
[White "Forsmann, Henning"]
[Black "Hansen, Erik Levin"]
[Result "0-1"]
[WhiteElo "1764"]
[BlackElo "1822"]
[PlyCount "102"]
[EventDate "2010.??.??"]
[WhiteTeam "Solrød Skakklub"]
[BlackTeam "Haslev Skakklub"]

1. Nf3 b5 2. g3 Bb7 3. Bg2 e5 4. d3 Nf6 5. e4 d6 6. O-O Be7 7. Qe2 Nbd7 8. Nbd2
O-O 9. Rd1 c5 10. Nf1 a6 11. Ne3 Re8 12. Nf5 Bf8 13. Bg5 h6 14. Bd2 Rb8 15. Ne1
Bc8 16. c3 Nb6 17. Nc2 Be6 18. Nce3 Qc7 19. g4 Rbd8 20. h4 g6 21. Ng3 Qd7 22.
g5 Nh7 23. Nd5 Nxd5 24. exd5 Bg4 25. f3 Bf5 26. gxh6 Nf6 27. c4 Rb8 28. Bg5 Nh7
29. Kh2 f6 30. Be3 Qc8 31. Rg1 Bd7 32. Raf1 Qd8 33. Ne4 Be7 34. f4 Kh8 35. Bf3
exf4 36. Bxf4 Bf5 37. Qg2 Rg8 38. Rf2 Bxe4 39. Bxe4 f5 40. Bf3 Bxh4 41. Re2 g5
42. Bd2 g4 43. Bc3+ Bf6 44. Bxg4 Rxg4 45. Qf2 Bxc3 46. Rxg4 fxg4 47. bxc3 Qg5
48. Re6 Rf8 49. Qe2 g3+ 50. Kh3 g2 51. Re7 g1=N+ 0-1

[Event "Koge Bugt Efteraar 2010"]
[Site "Solrod Skole"]
[Date "2010.08.25"]
[Round "2.5"]
[White "Kristensen, Benny"]
[Black "Nielsen, Steen"]
[Result "0-1"]
[WhiteElo "1618"]
[BlackElo "1447"]
[PlyCount "124"]
[EventDate "2010.??.??"]
[WhiteTeam "Skovbo Skakklub"]
[BlackTeam "Solrød Skakklub"]

1. e4 c6 2. d4 d5 3. exd5 cxd5 4. c4 Nf6 5. Nc3 e6 6. Nf3 Nc6 7. c5 a6 8. Bd3
Be7 9. O-O Qc7 10. Re1 b6 11. cxb6 Qxb6 12. a3 O-O 13. b4 Bd7 14. h3 Rfc8 15.
Na4 Qd8 16. Bf4 Nb8 17. Nc5 Be8 18. Rc1 Bxc5 19. bxc5 a5 20. Rb1 Nc6 21. Rb6
Nd7 22. Ra6 Nf6 23. Qb1 Ra7 24. Rxa7 Nxa7 25. Ba6 Ra8 26. Bb7 Bb5 27. Bxa8 Qxa8
28. Qc2 Nc6 29. Rb1 Bc4 30. Qa4 Nd7 31. Ne5 Ndxe5 32. Bxe5 f6 33. Bd6 Kf7 34.
Rb6 Nxd4 35. Qd7+ Kg6 36. c6 Bb5 37. Rxb5 Nxb5 38. c7 Nxc7 39. Qxc7 a4 40. Qb8
Qxb8 41. Bxb8 Kf5 42. g4+ Ke4 43. Kg2 d4 44. Kf1 Kf3 45. Ba7 e5 46. Bc5 Kf4 47.
Bf8 g6 48. Ke2 e4 49. Bd6+ Kg5 50. Bg3 f5 51. gxf5 gxf5 52. Be5 d3+ 53. Ke3 Kh4
54. Bc3 Kxh3 55. Kf4 Kg2 56. Ke3 h5 57. Bf6 Kf1 58. Bc3 h4 59. Be5 h3 60. Bd6
Ke1 61. Bb4+ Kd1 62. Bd6 Kc2 0-1

[Event "Koge Bugt Efteraar 2010"]
[Site "Solrod Skole"]
[Date "2010.08.25"]
[Round "2.6"]
[White "Refsgaard, Kaj"]
[Black "Johannsen, Bjørn"]
[Result "1-0"]
[WhiteElo "1753"]
[BlackElo "1609"]
[PlyCount "97"]
[EventDate "2010.??.??"]
[WhiteTeam "Jernbanens Skakklub"]
[BlackTeam "Haslev Skakklub"]

1. Nf3 d5 2. g3 Bf5 3. Bg2 c6 4. O-O e6 5. d3 Bd6 6. Nbd2 Nf6 7. Re1 Qc7 8. c4
Nbd7 9. cxd5 cxd5 10. Nd4 Bg4 11. Nb5 Qb6 12. Nxd6+ Qxd6 13. Qb3 O-O 14. Nf3
Rfe8 15. Bd2 Qb6 16. Qxb6 Nxb6 17. Rac1 Rac8 18. Bc3 Nfd7 19. Bd2 Bxf3 20. Bxf3
Ne5 21. Bg2 Rxc1 22. Rxc1 Rc8 23. Rxc8+ Nxc8 24. f4 Nc6 25. e4 d4 26. b4 Nd6
27. a4 f6 28. b5 Ne7 29. Bb4 Ndc8 30. e5 b6 31. Bb7 Kf7 32. Kf2 Nd5 33. Bxd5
exd5 34. exf6 Kxf6 35. Kf3 g6 36. h4 Ke6 37. g4 Nd6 38. Bxd6 Kxd6 39. f5 gxf5
40. gxf5 Ke5 41. Kg4 Kf6 42. Kf4 Kf7 43. Kg5 h6+ 44. Kxh6 Kf6 45. Kh7 Kf7 46.
h5 Kf6 47. h6 Kxf5 48. Kg7 Kf4 49. h7 1-0

[Event "Koge Bugt Efteraar 2010"]
[Site "Solrod Skole"]
[Date "2010.08.25"]
[Round "2.7"]
[White "Orup, Kim Amdi"]
[Black "Larsen, Poul M"]
[Result "0-1"]
[WhiteElo "1553"]
[BlackElo "1542"]
[PlyCount "86"]
[EventDate "2010.??.??"]
[WhiteTeam "Køge Skakklub"]
[BlackTeam "Haslev Skakklub"]

1. e4 c6 2. d4 d5 3. Nc3 dxe4 4. Nxe4 Bf5 5. Ng3 Bg6 6. Nf3 Nd7 7. Nh4 e6 8.
Nxg6 hxg6 9. Be3 Ngf6 10. Be2 Bd6 11. Nf1 Qc7 12. h3 Nd5 13. c4 Nxe3 14. Nxe3
Bf4 15. Nc2 Qa5+ 16. b4 Qg5 17. Bf3 Nf6 18. g4 Rd8 19. Qe2 Kf8 20. Rd1 Re8 21.
Ne3 e5 22. Bg2 exd4 23. Rxd4 Bxe3 24. fxe3 Rxe3 25. Rd8+ Ne8 26. Rxe8+ Rxe8 27.
Be4 Qf4 28. Kd1 Qxe4 29. Qf1 Qb1+ 30. Kd2 Qxf1 31. Rxf1 Rxh3 32. Kc2 Re2+ 33.
Kb1 Ke7 34. Rc1 Rhh2 35. Rf1 Rhg2 36. b5 cxb5 37. cxb5 Rb2+ 38. Ka1 Rxa2+ 39.
Kb1 Rae2 40. Ka1 Rxg4 41. Kb1 f5 42. Kc1 Rgg2 43. Kd1 Ra2 0-1

[Event "Koge Bugt Efteraar 2010"]
[Site "Solrod Skole"]
[Date "2010.08.25"]
[Round "2.8"]
[White "Krag-Jacobsen, Alan"]
[Black "Knudsen, Martin Mosgaard"]
[Result "1/2-1/2"]
[WhiteElo "1446"]
[BlackElo "1482"]
[PlyCount "79"]
[EventDate "2010.??.??"]
[WhiteTeam "Solrød Skakklub"]
[BlackTeam "Roskilde Skakklub"]

1. e4 c5 2. c3 Nc6 3. d4 e6 4. Nf3 Qb6 5. b3 cxd4 6. Nxd4 Be7 7. Be3 Bc5 8. Be2
Nf6 9. Bf3 O-O 10. O-O Ne5 11. Nd2 Qc7 12. Qe2 a5 13. g3 Nxf3+ 14. Qxf3 b6 15.
Qe2 Bb7 16. f3 Rfd8 17. Rfd1 d5 18. exd5 Nxd5 19. Rdc1 Ba6 20. Qf2 Nxe3 21.
Qxe3 Qd7 22. f4 Bb7 23. N2f3 Qd5 24. Rf1 Re8 25. Rae1 Rad8 26. Qe5 Qc6 27. Kg2
Bxd4 28. cxd4 Rd5 29. Qe3 Red8 30. Rd1 Qd6 31. Kg1 h5 32. Rd2 Qc6 33. Rfd1 Rf5
34. Rf1 g5 35. Nxg5 Qh1+ 36. Kf2 Qg2+ 37. Ke1 Qc6 38. Kf2 Qg2+ 39. Ke1 Qc6 40.
Kf2 1/2-1/2

[Event "Koge Bugt Efteraar 2010"]
[Site "Solrod Skole"]
[Date "2010.08.25"]
[Round "2.9"]
[White "Hald, Morten Hansen"]
[Black "Wieland, Carsten"]
[Result "1-0"]
[WhiteElo "1407"]
[BlackElo "1562"]
[PlyCount "97"]
[EventDate "2010.??.??"]
[WhiteTeam "Køge Skakklub"]
[BlackTeam "Solrød Skakklub"]

1. d4 d5 2. e4 e6 3. Bd3 c5 4. c3 Qb6 5. Nf3 cxd4 6. exd5 exd5 7. Qe2+ Qe6 8.
Nxd4 Qxe2+ 9. Bxe2 Nf6 10. Nb5 Na6 11. Bf4 Kd8 12. O-O Bd7 13. Nd6 Bxd6 14.
Bxd6 Nc7 15. Be5 Re8 16. Bxf6+ gxf6 17. Bf3 Rc8 18. Na3 Re5 19. Rad1 Ke7 20.
Rd2 Rd8 21. Bd1 Bc6 22. f4 Re6 23. Bg4 Re4 24. Bf5 Ra4 25. Bc2 Ra5 26. Bxh7 Kf8
27. Bc2 Nb5 28. Nxb5 Bxb5 29. Ra1 Be8 30. Bb3 Bc6 31. Rad1 Ba4 32. Rxd5 Rdxd5
33. Rxd5 Rxd5 34. Bxd5 Bc6 35. c4 Ke7 36. h4 Kd6 37. Bxf7 Be4 38. g4 Ke7 39.
Bh5 Kf8 40. f5 Kg7 41. Kf2 Kh6 42. Bg6 Bb1 43. a3 Bd3 44. c5 Bc4 45. Ke3 Bd5
46. Kf4 Bb3 47. g5+ fxg5+ 48. hxg5+ Kg7 49. Bh5 1-0

[Event "Koge Bugt Efteraar 2010"]
[Site "Solrod Skole"]
[Date "2010.08.25"]
[Round "2.10"]
[White "Hansen, Erik Friberg"]
[Black "Thomsen, Heinrich Kirch"]
[Result "0-1"]
[WhiteElo "1558"]
[BlackElo "1259"]
[PlyCount "60"]
[EventDate "2010.??.??"]
[WhiteTeam "Ishøj Skakklub"]
[BlackTeam "Solrød Skakklub"]

1. d4 Nf6 2. Nf3 g6 3. c4 Bg7 4. Nc3 O-O 5. e4 d6 6. Be2 e5 7. d5 a5 8. a3 Na6
9. h3 Nc5 10. Bd3 Nxd3+ 11. Qxd3 Nh5 12. O-O f5 13. Bg5 Nf6 14. Nh2 f4 15. Qf3
h6 16. Bxf6 Qxf6 17. Ng4 Qh4 18. Nb5 h5 19. Nh2 Rf7 20. Rfc1 b6 21. b4 g5 22.
Rc3 g4 23. hxg4 hxg4 24. g3 fxg3 25. fxg3 Qxh2+ 26. Kxh2 gxf3 27. Rf1 Bg4 28.
Rf2 axb4 29. axb4 Bf8 30. Rcc2 Ra1 0-1

[Event "Koge Bugt Efteraar 2010"]
[Site "Solrod Skole"]
[Date "2010.08.25"]
[Round "2.11"]
[White "Jensen, Tom B"]
[Black "Jørgensen, Leif"]
[Result "1-0"]
[WhiteElo "1300"]
[BlackElo "1704"]
[PlyCount "57"]
[EventDate "2010.??.??"]
[WhiteTeam "Tåstrup Skakforening"]
[BlackTeam "Solrød Skakklub"]

1. e4 e5 2. Nf3 Nc6 3. d4 exd4 4. Nxd4 Bc5 5. Be3 Qf6 6. c3 Nge7 7. Bb5 O-O 8.
O-O Bd6 9. Nd2 a6 10. Bd3 Ne5 11. Bc2 c5 12. N4b3 c4 13. Nd4 N5c6 14. N4f3 b5
15. Bg5 Qe6 16. Re1 Bc7 17. Bh4 h6 18. Bg3 Bxg3 19. hxg3 Bb7 20. e5 f6 21. Ne4
Nxe5 22. Nxe5 Qxe5 23. Nd6 Qg5 24. Nxb7 Nd5 25. Nd6 Nc7 26. Re7 Rad8 27. Nf5
Rf7 28. f4 Qg6 29. Qe2 1-0

[Event "Koge Bugt Efteraar 2010"]
[Site "Solrod Skole"]
[Date "2010.09.01"]
[Round "3.1"]
[White "Christensen, Verner"]
[Black "Hald, Morten Hansen"]
[Result "1-0"]
[WhiteElo "1968"]
[BlackElo "1407"]
[PlyCount "133"]
[EventDate "2010.??.??"]
[WhiteTeam "Solrød Skakklub"]
[BlackTeam "Køge Skakklub"]

1. f4 d5 2. b3 Nc6 3. Bb2 Bf5 4. Nf3 e6 5. e3 Nb4 6. d3 Nf6 7. h3 Bc5 8. Bc1
Qe7 9. Qe2 Nh5 10. g4 Ng3 11. Qg2 Nxh1 12. a3 Bg6 13. axb4 Bxb4+ 14. c3 Bc5 15.
Qxh1 f6 16. h4 O-O-O 17. h5 Be8 18. d4 Bb6 19. Ba3 c5 20. Qg2 Qc7 21. Qd2 g5
22. dxc5 Bxc5 23. Bxc5 Qxc5 24. Qd4 Qb6 25. Qxb6 axb6 26. fxg5 Kb8 27. gxf6 Rf8
28. Na3 Rxf6 29. Ne5 Bc6 30. Bd3 Rdf8 31. O-O-O h6 32. Nb5 Kc8 33. Ng6 Rd8 34.
Nd4 Kd7 35. Rg1 Kd6 36. g5 hxg5 37. Rxg5 Be8 38. h6 Bxg6 39. Rxg6 Ke7 40. Rxf6
Kxf6 41. h7 e5 42. Ne2 e4 43. Bc2 Rh8 44. c4 Ke5 45. cxd5 Rxh7 46. Nc3 Rh3 47.
Nxe4 Kxd5 48. Nc3+ Ke6 49. Kd2 Rh5 50. Bd3 Rh2+ 51. Ne2 Ke5 52. Bc4 Rg2 53. Kd3
Rg7 54. e4 Rd7+ 55. Bd5 Rxd5+ 56. exd5 Kxd5 57. b4 Kc6 58. Nc3 b5 59. Kd4 Kb6
60. Kd5 Ka6 61. Kc5 Ka7 62. Nxb5+ Ka6 63. Nd6 b6+ 64. Kc6 Ka7 65. Kb5 Ka8 66.
Kxb6 Kb8 67. b5 1-0

[Event "Koge Bugt Efteraar 2010"]
[Site "Solrod Skole"]
[Date "2010.09.01"]
[Round "3.2"]
[White "Nielsen, Steen"]
[Black "Refsgaard, Kaj"]
[Result "0-1"]
[WhiteElo "1447"]
[BlackElo "1753"]
[PlyCount "122"]
[EventDate "2010.??.??"]
[WhiteTeam "Solrød Skakklub"]
[BlackTeam "Jernbanens Skakklub"]

1. d4 d5 2. c4 c6 3. Nf3 Nf6 4. Nc3 g6 5. Bf4 Bg7 6. e3 O-O 7. Be2 Nbd7 8. O-O
Nb6 9. b3 dxc4 10. bxc4 Bg4 11. Re1 Bxf3 12. gxf3 Nh5 13. Bg5 c5 14. Qc2 cxd4
15. Rad1 Qc7 16. Nb5 Qc5 17. Bh4 dxe3 18. Bd3 exf2+ 19. Qxf2 Qxf2+ 20. Bxf2 e6
21. Rc1 Nf4 22. Bf1 Nd7 23. Bxa7 Ne5 24. Red1 Nxf3+ 25. Kh1 Rfd8 26. a4 Rd2 27.
Rxd2 Nxd2 28. Be3 Nxf1 29. Bxf4 e5 30. Rxf1 exf4 31. Rxf4 Rxa4 32. Re4 Bf8 33.
Nc3 Ra8 34. Nd5 Kg7 35. Kg2 Bd6 36. h4 Ra2+ 37. Kf3 Rh2 38. Nb6 Rc2 39. Nd7
Rc3+ 40. Ke2 Bc7 41. c5 Rb3 42. Kd2 Rb5 43. Kd3 b6 44. Kc4 Rb1 45. c6 Bd6 46.
Kd5 Rd1+ 47. Rd4 Rxd4+ 48. Kxd4 Bc7 49. Kc4 f5 50. Kd5 Kf7 51. Ne5+ Bxe5 52.
Kxe5 Ke7 53. h5 Kd8 54. h6 Kc7 55. Kf6 f4 56. Kg7 f3 57. Kxh7 f2 58. Kg7 f1=Q
59. h7 b5 60. h8=Q Qa1+ 61. Kh7 Qxh8+ 0-1

[Event "Koge Bugt Efteraar 2010"]
[Site "Solrod Skole"]
[Date "2010.09.01"]
[Round "3.3"]
[White "Hestehauge, Klaus"]
[Black "Larsen, Jan Robert"]
[Result "1-0"]
[WhiteElo "1983"]
[BlackElo "1787"]
[PlyCount "45"]
[EventDate "2010.??.??"]
[WhiteTeam "Køge Skakklub"]
[BlackTeam "Vordingborg Skakklub"]

1. d4 f5 2. Bg5 Nf6 3. Nc3 d5 4. e3 c6 5. Nf3 Nbd7 6. Bd3 e6 7. O-O Bd6 8. Ne2
O-O 9. Bf4 Qe7 10. c4 b6 11. Qb3 Ne4 12. Rfc1 c5 13. cxd5 Ndf6 14. dxe6 Bxe6
15. Bc4 Bxc4 16. Qxc4+ Kh8 17. h3 Rfe8 18. Bxd6 Nxd6 19. Qb3 f4 20. Nxf4 c4 21.
Qd1 Nfe4 22. Ne5 Rf8 23. Neg6+ 1-0

[Event "Koge Bugt Efteraar 2010"]
[Site "Solrod Skole"]
[Date "2010.09.01"]
[Round "3.4"]
[White "Larsen, Poul M"]
[Black "Krogh, Peter Ove"]
[Result "1-0"]
[WhiteElo "1542"]
[BlackElo "1922"]
[PlyCount "87"]
[EventDate "2010.??.??"]
[WhiteTeam "Haslev Skakklub"]
[BlackTeam "Køge Skakklub"]

1. d4 Nf6 2. Nf3 b6 3. c4 e6 4. Nc3 Bb4 5. e3 Bb7 6. a3 Bxc3+ 7. bxc3 Ne4 8.
Qc2 f5 9. Bd3 d6 10. O-O Nd7 11. Nd2 Ndf6 12. f3 Nxd2 13. Bxd2 O-O 14. e4 g6
15. d5 fxe4 16. fxe4 e5 17. Bg5 Kg7 18. Qd2 Rf7 19. Rf3 Bc8 20. h3 h6 21. Bxh6+
Kg8 22. Raf1 Bg4 23. hxg4 Nxg4 24. Qg5 Qxg5 25. Bxg5 Rh7 26. Rh3 Rh5 27. Rxh5
gxh5 28. Be2 Kg7 29. Bxg4 hxg4 30. g3 Rg8 31. Bh4 c6 32. Rf5 Rc8 33. Be7 cxd5
34. Bxd6 dxe4 35. Bxe5+ Kg6 36. Rf4 Rxc4 37. Bd4 Kh5 38. Rxe4 Ra4 39. Kf2 Rxa3
40. Ke3 Ra1 41. Re5+ Kg6 42. Kf4 a5 43. Kxg4 Kf6 44. Rxa5+ 1-0